000 01210nam a2200313 i 4500
003 EG-GICUC
005 20260406095943.0
008 260406s1921 fr||||fr|||| 000 0 fre d
040 _aEG-GiCUC
_bfre
_cEG-GiCUC
_dEG-GiCUC
_eRda
082 0 4 _221
_a341.6045
_bFA . G
092 0 4 _221
099 _aLaw1 11 341.6045 FA . G 1921
100 1 _aFauchille, M. Paul
_eAuteur
245 1 3 _aLa Guerre De 1915 Jurisprudence Italienne En Matiere De Prises Maritimes :
_bRecueil De Décisions Suivi Des Textes Intéressant Le Droit International Maritime Publiés Par L'italie Pendant La Guerre /
_cM. Paul Fauchille, M. Jules Basdevant, Mme Astier.
_n
264 1 _aParis :
_bLibrairie Arthur Rousseau Rousseau,
_c1921.
300 _a607page :
_billustration ;
_c 24 cm.
336 _2rda contenu
_a texte
337 _2rda medias
_aOrdinateur
338 _2 transporteur rda
_a Ressource en ligne
504 _a
546 _aTexte en français
650 1 4 _aDroit international public
_2
651 1 _2
700 1 _aBasdevant, M. Jules
_eCo-Auteur
700 1 _aAstier, Mme
_eCo-Auteur
856 4 0 _uhttps://fll.law.cu.edu.eg/fulltext/bks/B11-09091.pdf
905 _a50
942 _2ddc
_cBK
_e21
_n0
999 _c69249
_d69249